000 01019nam a2200277Ia 4500
003 OSt
005 20221005104939.0
006 a|||||r|||| 00| 0
007 ta
008 221004b |||||||| |||| 00| 0 hin d
020 _a9788190553414 (hbk)
_cIndian Rupees 500
024 _a41050
037 _bGift, 08/01/2019,
_cTextual
040 _aCRL
_cCRL
_bhin
041 _2hin
_ahin
082 _aO152,1:gN, P8
100 _aमिश्र, शिवकुमार, ले.
245 0 _aआधुनिक कविता और युग -सन्दर्भ
246 _aĀdhunik kavitā aur yug -sandarbha
260 _aदिल्ली
_bस्वराज प्रकाशन भारत
_c2008
300 _a278पृ0
_ccm.
650 _a हिन्दी साहित्य
650 _aहिन्दी कविता
942 _hO152,1:gN, P8
_cTEXL
_2cc
999 _c1014277
_d1014277